Assessment of the transition from a military to a civilian-led mission in Iraq : hearing before the Subcommittee on National Security, Homeland Defense, and Foreign Operations of the Committee on Oversight and Government Reform, House of Representatives, One Hundred Twelfth Congress, second session, June 28, 2012.

Bibliographic Details
Corporate Author: United States. Congress. House. Committee on Oversight and Government Reform. Subcommittee on National Security, Homeland Defense, and Foreign Operations
Format: Government Document eBook
Language:English
Published: Washington : U.S. G.P.O., 2012.
Subjects:
Online Access:https://purl.fdlp.gov/GPO/gpo27498

MARC

Tag First Indicator Second Indicator Subfields
LEADER 00000cam a2200000 a 4500
001 in00002781370
005 20211120170020.0
006 m o d f
007 cr bn|||||||||
008 120829s2012 dcuab ob f000 0 eng c
035 |a (OCoLC)ocn808633598 
040 |a GPO  |c GPO  |d OCLCO  |d GPO  |d OCLCO  |d OCLCQ  |d GPO  |d MvI  |d UtOrBLW 
042 |a pcc 
043 |a a-iq---  |a n-us--- 
049 |a WWW 
050 1 4 |a KF27  |b .O9464 2012b 
074 |a 1016-C (online) 
086 0 |a Y 4.G 74/7:112-162 
088 |a Serial no. 112-162 (United States. Congress. House. Committee on Oversight and Government Reform) 
110 1 |a United States.  |b Congress.  |b House.  |b Committee on Oversight and Government Reform.  |b Subcommittee on National Security, Homeland Defense, and Foreign Operations. 
245 1 0 |a Assessment of the transition from a military to a civilian-led mission in Iraq :  |b hearing before the Subcommittee on National Security, Homeland Defense, and Foreign Operations of the Committee on Oversight and Government Reform, House of Representatives, One Hundred Twelfth Congress, second session, June 28, 2012. 
264 1 |a Washington :  |b U.S. G.P.O.,  |c 2012. 
300 |a 1 online resource (iii, 95 pages) :  |b illustrations, map. 
336 |a text  |b txt  |2 rdacontent 
337 |a computer  |b c  |2 rdamedia 
338 |a online resource  |b cr  |2 rdacarrier 
500 |a Title from title screen (viewed on Aug. 29, 2012). 
500 |a Paper version available for sale by the Supt. of Docs., U.S. G.P.O. 
504 |a Includes bibliographical references. 
500 |a "Serial number 112-162." 
500 |a Electronic resource. 
650 0 |a Diplomatic and consular service, American  |z Iraq. 
651 0 |a United States. 
651 0 |a United States  |x Foreign relations  |z Iraq. 
651 0 |a Iraq  |x Foreign relations  |z United States. 
776 0 8 |i Print version:  |a United States. Congress. House. Committee on Oversight and Government Reform. Subcommittee on National Security, Homeland Defense, and Foreign Operations.  |t Assessment of the transition from a military to a civilian-led mission in Iraq  |w (OCoLC)810135431 
776 0 8 |i Microfiche version:  |a United States. Congress. House. Committee on Oversight and Government Reform. Subcommittee on National Security, Homeland Defense, and Foreign Operations.  |t Assessment of the transition from a military to a civilian-led mission in Iraq  |w (OCoLC)825116834 
856 4 0 |u https://purl.fdlp.gov/GPO/gpo27498  |t 0 
999 |a MARS 
999 f f |s 255098ab-ba37-3800-8dbc-353a81c7de9b  |i 5ede70e6-eccd-382f-8e65-defe3b55846c  |t 0 
952 f f |a Texas A&M University  |b College Station  |c Electronic Resources  |d Available Online  |t 0  |e Y 4.G 74/7:112-162  |h Superintendent of Documents classification 
998 f f |a Y 4.G 74/7:112-162  |t 0  |l Available Online